| 000 | 00553nam a2200217Ia 4500 | ||
|---|---|---|---|
| 003 | 0100 | ||
| 008 | 130227s9999 xx 000 0 und d | ||
| 040 | _cARRUPELIB | ||
| 050 | _aBS2361.2.G73 1989 | ||
| 100 | _aGrant, Patrick | ||
| 245 | _aReading the New Testament | ||
| 260 | _aMichigan | ||
| 260 | _bWilliam B. Eerdmans Publishing Company | ||
| 260 | _C1989 | ||
| 300 | _aix | ||
| 300 | _b 161p. 22cm. | ||
| 650 | _bGalilei, Galileo, 1564-1642- Knowledge- Science | ||
| 650 | _cScience- History | ||
| 650 | _dDespotism | ||
| 942 |
_2lcc _01 |
||
| 999 |
_c7236 _d7236 |
||